00789cam a2200217K 450000100060000000300080000600500170001400800410003103500190007203500210009104000380011204100080015008200220015810000490018024500850022926000400031430000410035450400410039550501180043665000170055419282BD-RjUL20211209000417.0140223s1963 nyuac ob 000 0 eng d a(BD-RjUL)19340 a(OCoLC)595057926 aOCLCEbengcOCLCEdOCLCQdBD-RjUL aeng04a561bSEF V-2 19631 aSeward, A. C.q(Albert Charles),d1863-1941.10aFossil plants :ba text book for students of botany and geology /cA. C. Seward. aNew York :bHafner Pub. Co.,c1963. axxi, 624 p. :billus., port.c24 cm. aIncludes bibliographical references. aVol. 2-- V. 3-- Pteridospermeae, cycadofilices, cordaitales, cycadophyta V.4-- Ginkgoales, coniferales, gnetales  0aPaleobotany.